| 000 | 00364nam a22001217a 4500 | ||
|---|---|---|---|
| 020 | _a0471222771 | ||
| 082 |
_222 _a658.404 |
||
| 100 | _aEckes, george, | ||
| 245 | _aSis sigma team Dynamics : the elusive key to Project success / | ||
| 260 |
_aJohn wiley and sons inc, _bJohn wiley and sons inc, _cc2003 |
||
| 300 |
_axviii, p, 262, ; _bNA _c24cm. |
||
| 942 |
_2ddc _cGEN |
||
| 999 |
_c3651 _d3651 |
||